RICS residential lettings survey Great Britain October 2005 (Record no. 104802)

MARC details
000 -LEADER
fixed length control field 01612cam a2200217 4500
001 - CONTROL NUMBER
control field ##L131699
008 - FIXED-LENGTH DATA ELEMENTS--GENERAL INFORMATION
fixed length control field 051130n2005 000 0 eng u
035 ## - SYSTEM CONTROL NUMBER
System control number (Sirsi) u131699
041 0# - LANGUAGE CODE
Language code of text/sound track or separate title eng
050 04 - LIBRARY OF CONGRESS CALL NUMBER
Classification number 346.4104342 $2 18
110 1# - MAIN ENTRY--CORPORATE NAME
Corporate name or jurisdiction name as entry element Royal Institution of Chartered Surveyors
Subordinate unit Public Affairs
9 (RLIN) 4679
245 00 - TITLE STATEMENT
Title RICS residential lettings survey Great Britain October 2005
260 ## - PUBLICATION, DISTRIBUTION, ETC.
Place of publication, distribution, etc. London
Name of publisher, distributor, etc. RICS
Date of publication, distribution, etc. 2005
490 ## - SERIES STATEMENT
Series statement RICS Residential Lettings Survey Great Britain
Volume/sequential designation October 2005
520 ## - SUMMARY, ETC.
Summary, etc. Records that tenant demand in the three months to October 2005 grew at its strongest pace since January 2004. The acceleration was mainly driven by a surge in lettings in London and southeast England and to a limited extent eastern England. The pace of landlord instructions also picked up in October but there were few signs of a resurgence in buy to let investment. The proportion of landlords opting to sell property rather than re-let declined to a survey low of 4.1%. Some surveyors have observed a switching of property into lettings by vendors frustrated by a slow sales market. Rents rose for a tenth consecutive quarter, sustaining the moderate upturn reported over the last 18 months. Gross rental yields were higher for the third quarter running.
590 ## - LOCAL NOTE (RLIN)
Local note IKA061205
650 24 - SUBJECT ADDED ENTRY--TOPICAL TERM
Topical term or geographic name entry element RICS RESIDENTIAL LETTINGS SURVEY GREAT BRITAIN
690 ## - LOCAL SUBJECT ADDED ENTRY--TOPICAL TERM (OCLC, RLIN)
Topical term or geographic name as entry element PROPERTY-RESIDENTIAL PROPERTY-RESIDENTIAL PROPERTY TENURE-LEASEHOLD RESIDENTIAL PROPERTY
856 40 - ELECTRONIC LOCATION AND ACCESS
Uniform Resource Identifier <a href="https://www.rics.org/Global/Downloads/ResidentialLettingsSurvey200510.pdf">https://www.rics.org/Global/Downloads/ResidentialLettingsSurvey200510.pdf</a>
Public note View the survey free of charge at www.rics.org...
942 ## - ADDED ENTRY ELEMENTS (KOHA)
Suppress in OPAC 0
Holdings
Withdrawn status Lost status Source of classification or shelving scheme Damaged status Not for loan Home library Current library Shelving location Date acquired Total Checkouts Full call number Barcode Date last seen Copy number Price effective from Koha item type
    Dewey Decimal Classification     Virtual Virtual Online 30/11/2005   ONLINE PUBLICATION 131699-2001 06/08/2019 1 06/08/2019 Book